[Event "EU-ch 21st"]
[Site "Reykjavik"]
[Date "2021.09.03"]
[Round "9"]
[White "Gueci, Tea"]
[Black "Karlsson, Mikael Johann"]
[Result "1-0"]
[WhiteElo "2188"]
[BlackElo "2067"]
[PlyCount "69"]
[EventDate "2021.08.26"]
[EventType "swiss"]
[EventRounds "11"]
[EventCountry "ISL"]
[SourceTitle "CBM 204"]
[Source "ChessBase"]
[SourceDate "2021.10.31"]
[SourceVersion "1"]
[SourceVersionDate "2021.10.31"]
[SourceQuality "1"]

1. e4 c5 2. Nf3 Nc6 3. d4 cxd4 4. Nxd4 Qb6 5. Nb3 Nf6 6. Nc3 e6 7. Bd3 a6 8. 0-0 Be7 9. Be3 Qc7 10. f4 d6 11. g4 b5 12. g5 Nd7 13. Qf3 Bb7 14. Qh3 Nb4 15. Rac1 Nc5 16. g6 fxg6 17. Bd4 Qd7 18. Bxg7 Rg8 19. Bd4 h5 20. Na5 Nc6 21. Bxc5 Nxa5 22. Bf2 Bf6 23. Rcd1 e5 24. Qxd7+ Kxd7 25. fxe5 Bxe5 26. Bb6 Bxc3 27. bxc3 Nc4 28. Bxc4 bxc4 29. Rf7+ Kc8 30. Rd4 Kb8 31. Rxc4 Rc8 32. Bc7+ Ka7 33. Rb4 a5 34. Rb5 Bxe4 35. Bd8+ 1-0

[Event "EU-ch 21st"]
[Site "Reykjavik"]
[Date "2021.08.29"]
[Round "4"]
[White "Thorfinnsson, Bragi"]
[Black "Karlsson, Mikael Johann"]
[Result "1-0"]
[WhiteElo "2439"]
[BlackElo "2067"]
[PlyCount "67"]
[EventDate "2021.08.26"]
[EventType "swiss"]
[EventRounds "11"]
[EventCountry "ISL"]
[SourceTitle "CBM 204"]
[Source "ChessBase"]
[SourceDate "2021.10.31"]
[SourceVersion "1"]
[SourceVersionDate "2021.10.31"]
[SourceQuality "1"]

1. b3 c5 2. Bb2 Nc6 3. e3 b6 4. f4 d5 5. Nf3 Nf6 6. Bb5 Bd7 7. 0-0 Rc8 8. d3 e6 9. Nbd2 d4 10. Bxc6 Bxc6 11. exd4 Nd5 12. Qe1 Nxf4 13. Ne4 Bxe4 14. Qxe4 Ng6 15. h4 Qd5 16. Qxd5 exd5 17. Rae1+ Ne7 18. c4 f6 19. h5 h6 20. cxd5 Kd7 21. d6 Nd5 22. dxc5 Rxc5 23. Nd4 Nb4 24. Ne6 Rxh5 25. Nxf8+ Rxf8 26. Re7+ Kxd6 27. Rxa7 Nxd3 28. Rd1 Re8 29. Rxd3+ Kc6 30. Rxg7 Re2 31. Bxf6 Rxa2 32. Rg6 b5 33. Bg7+ Kc7 34. Rf3 1-0

[Event "ISL-chT1 1920"]
[Site "Reykjavik"]
[Date "2021.05.15"]
[Round "7.2"]
[White "Karlsson, Mikael Johann"]
[Black "Omarsson, Adam"]
[Result "1-0"]
[WhiteElo "2077"]
[BlackElo "1506"]
[PlyCount "71"]
[EventDate "2019.10.03"]
[EventType "team-tourn"]
[EventRounds "9"]
[EventCountry "ISL"]
[SourceTitle "EXT 2022"]
[Source "ChessBase"]
[SourceDate "2021.10.06"]
[SourceVersion "1"]
[SourceVersionDate "2021.10.06"]
[SourceQuality "1"]
[WhiteTeam "Skakfelag Akureyrar"]
[BlackTeam "Taflfelag Reykjavikur II"]
[WhiteTeamCountry "ISL"]
[BlackTeamCountry "ISL"]

1. c4 Nf6 2. g3 g6 3. Bg2 Bg7 4. Nc3 0-0 5. Nf3 c5 6. 0-0 Nc6 7. d4 cxd4 8. Nxd4 Ne5 9. b3 Rb8 10. Bb2 a6 11. h3 d6 12. Kh2 Qb6 13. Nc2 Nxc4 14. Na4 Nxb2 15. Nxb6 Nxd1 16. Raxd1 Bf5 17. Ne3 Be6 18. Rc1 Rfd8 19. Rc7 Ne8 20. Rc2 Bd4 21. Nbd5 Bxd5 22. Nxd5 e6 23. e3 Bg7 24. Nb6 d5 25. a4 a5 26. Rfc1 Bf8 27. Bf1 Ba3 28. Ra1 Bf8 29. Bb5 Rd6 30. Nd7 Rd8 31. Nc5 Rc8 32. Rac1 Rb6 33. Nd7 Rxc2 34. Rxc2 Rc6 35. Bxc6 bxc6 36. Rxc6 1-0

[Event "ISL-ch Online Rapid"]
[Site "Tornelo INT"]
[Date "2020.12.26"]
[Round "3"]
[White "Danielsson, Sigurdur G"]
[Black "Karlsson, Mikael Johann"]
[Result "0-1"]
[WhiteElo "1721"]
[BlackElo "2130"]
[PlyCount "86"]
[EventDate "2020.12.26"]
[EventType "tourn (rapid)"]
[EventRounds "7"]
[EventCountry "ISL"]
[SourceTitle "CBM 199 Extra"]
[Source "ChessBase"]
[SourceDate "2021.01.31"]
[SourceVersion "1"]
[SourceVersionDate "2021.01.31"]
[SourceQuality "1"]

1. e4 c5 2. b4 cxb4 3. a3 bxa3 4. Bxa3 Nc6 5. d4 g6 6. f4 Bg7 7. e5 Nh6 8. Nf3 0-0 9. Bd3 d5 10. 0-0 Bf5 11. Bxf5 Nxf5 12. Qd3 h5 13. h3 Ng3 14. Re1 Ne4 15. Nbd2 Nxd2 16. Nxd2 Qd7 17. c4 dxc4 18. Nxc4 Qxd4+ 19. Qxd4 Nxd4 20. Rab1 b6 21. Bxe7 Rfe8 22. Bb4 Bh6 23. Re4 Ne6 24. g3 h4 25. Kg2 hxg3 26. Kxg3 Rec8 27. Rd1 Rc7 28. Bd6 Rc6 29. Be7 b5 30. Nd6 Rc3+ 31. Kg4 a6 32. h4 Bf8 33. Bf6 Bg7 34. f5 gxf5+ 35. Nxf5 a5 36. h5 a4 37. h6 Bxf6 38. exf6 Kh7 39. Rd7 Kg6 40. Nd6 Nc5 41. Rf4 Nxd7 42. h7 Ne5+ 43. Kh4 Rh8 0-1

[Event "ISL-ch Online Rapid"]
[Site "Tornelo INT"]
[Date "2020.12.26"]
[Round "7"]
[White "Eliasson, Kristjan Orn"]
[Black "Karlsson, Mikael Johann"]
[Result "0-1"]
[WhiteElo "1770"]
[BlackElo "2130"]
[PlyCount "86"]
[EventDate "2020.12.26"]
[EventType "tourn (rapid)"]
[EventRounds "7"]
[EventCountry "ISL"]
[SourceTitle "CBM 199 Extra"]
[Source "ChessBase"]
[SourceDate "2021.01.31"]
[SourceVersion "1"]
[SourceVersionDate "2021.01.31"]
[SourceQuality "1"]

1. e4 c5 2. Nf3 Nc6 3. d4 cxd4 4. Nxd4 Qb6 5. Nxc6 bxc6 6. Bd3 g6 7. 0-0 Bg7 8. c3 Nf6 9. Nd2 0-0 10. Qc2 d5 11. h3 Ba6 12. e5 Nd7 13. Bxa6 Qxa6 14. f4 f6 15. exf6 Rxf6 16. Nb3 Raf8 17. Be3 Bh6 18. Qd2 Nb6 19. Nc5 Qc8 20. b3 R8f7 21. a4 Nd7 22. Nd3 Qf8 23. g3 e5 24. Kg2 g5 25. f5 Rxf5 26. Rxf5 Rxf5 27. Bxa7 e4 28. g4 Rf3 29. Ne1 Rf7 30. Bf2 Bg7 31. a5 Bxc3 32. Qxg5+ Kh8 33. Qe3 Bxa1 34. Nc2 Be5 35. Nd4 c5 36. Nf5 Rxf5 37. gxf5 Qxf5 38. a6 Qg6+ 39. Kh1 Qxa6 40. Qg5 Qf6 41. Qg2 d4 42. Kg1 e3 43. Be1 Qg6 0-1

[Event "Reykjavik Congress"]
[Site "Reykjavik"]
[Date "2020.01.26"]
[Round "7"]
[White "Karlsson, Mikael Johann"]
[Black "Mai, Alexander Oliver"]
[Result "0-1"]
[WhiteElo "2155"]
[BlackElo "1958"]
[PlyCount "100"]
[EventDate "2020.01.05"]
[EventType "swiss"]
[EventRounds "9"]
[EventCountry "ISL"]
[SourceTitle "CBM 194 Extra"]
[Source "ChessBase"]
[SourceDate "2020.03.31"]
[SourceVersion "1"]
[SourceVersionDate "2020.03.31"]
[SourceQuality "1"]

1. e4 e5 2. c4 Nc6 3. g3 Bc5 4. Nc3 Nf6 5. d3 d6 6. Be3 Nd4 7. Bg2 Ng4 8. Nf3 Nxe3 9. fxe3 Nxf3+ 10. Qxf3 Be6 11. 0-0 Qg5 12. Rfe1 0-0 13. a3 a5 14. Na4 Ba7 15. b4 Bg4 16. Qf2 f5 17. c5 fxe4 18. Qa2+ Kh8 19. Bxe4 Bd7 20. Nb2 dxc5 21. bxa5 c4 22. Nxc4 Be6 23. Qd2 Bxc4 24. dxc4 Rad8 25. Qc3 Rf4 26. Qc2 Rf6 27. c5 h5 28. Rad1 Rdf8 29. Re2 h4 30. Kg2 Qg4 31. Rde1 hxg3 32. hxg3 Rh6 33. Rf2 Qh3+ 34. Kg1 Qxg3+ 35. Bg2 Rh1+ 36. Kxh1 Rxf2 37. Qe4 Rxg2 38. Qxg2 Qxe1+ 39. Kh2 Qxe3 40. Qxb7 Qf2+ 41. Kh3 Bxc5 42. Qxc7 e4 43. a6 Qf3+ 44. Kh2 Qf2+ 45. Kh3 Qf1+ 46. Kh2 Bg1+ 47. Kg3 Qf3+ 48. Kh4 Bf2+ 49. Kg5 Be3+ 50. Kh4 g5# 0-1

[Event "Reykjavik Congress"]
[Site "Reykjavik"]
[Date "2020.01.15"]
[Round "4"]
[White "Karlsson, Mikael Johann"]
[Black "Kjartansson, David"]
[Result "0-1"]
[WhiteElo "2155"]
[BlackElo "2356"]
[PlyCount "74"]
[EventDate "2020.01.05"]
[EventType "swiss"]
[EventRounds "9"]
[EventCountry "ISL"]
[SourceTitle "CBM 194 Extra"]
[Source "ChessBase"]
[SourceDate "2020.03.31"]
[SourceVersion "1"]
[SourceVersionDate "2020.03.31"]
[SourceQuality "1"]

1. c4 c5 2. g3 Nc6 3. Bg2 g6 4. Nc3 Bg7 5. Nf3 e6 6. d3 Nge7 7. Bg5 0-0 8. Bxe7 Qxe7 9. 0-0 Rd8 10. Nd2 b6 11. e4 Bb7 12. f4 Nd4 13. Nb3 d6 14. Qd2 a6 15. Rae1 Rab8 16. f5 b5 17. Nxd4 Bxd4+ 18. Kh1 bxc4 19. dxc4 Be5 20. Nd1 Bc6 21. b3 a5 22. Ne3 Qg5 23. Qe2 h5 24. g4 h4 25. Bf3 a4 26. Rb1 axb3 27. axb3 Rb7 28. Ng2 h3 29. Ne1 Rdb8 30. Qd3 Qf4 31. Rf2 Bd4 32. Rf1 Ra7 33. Qc2 Rba8 34. Nd3 Qg5 35. Nc1 Ra1 36. Ne2 R8a2 37. Qc1 Rxb1 0-1

[Event "Akureyri Icelandic op"]
[Site "Akureyri"]
[Date "2019.05.30"]
[Round "7"]
[White "Stefansson, Hannes"]
[Black "Karlsson, Mikael Johann"]
[Result "1-0"]
[WhiteElo "2561"]
[BlackElo "2146"]
[PlyCount "75"]
[EventDate "2019.05.25"]
[EventType "swiss"]
[EventRounds "9"]
[EventCountry "ISL"]
[SourceTitle "CBM 190 Extra"]
[Source "ChessBase"]
[SourceDate "2019.07.15"]
[SourceVersion "1"]
[SourceVersionDate "2019.07.15"]
[SourceQuality "1"]

1. e4 c5 2. Nf3 Nc6 3. d4 cxd4 4. Nxd4 Qb6 5. Nb3 Nf6 6. Nc3 e6 7. Be3 Qc7 8. a3 a6 9. f4 d6 10. g4 b5 11. g5 Nd7 12. h4 Bb7 13. h5 Nb6 14. Qf3 b4 15. axb4 Nxb4 16. Qf2 Nc4 17. Bxc4 Qxc4 18. Ra4 a5 19. Nxa5 Rxa5 20. Rxa5 Bxe4 21. Nxe4 Nxc2+ 22. Kd1 Qxe4 23. Rh3 Nb4 24. Qe2 f5 25. Bd2 Qb1+ 26. Bc1 Kf7 27. g6+ Kf6 28. Re3 hxg6 29. Rxe6+ Kf7 30. Rxg6 Qe4 31. Qxe4 fxe4 32. Ra7+ Kg8 33. Rg5 Rh6 34. Rf5 g6 35. hxg6 Nd3 36. Ra8 Rh1+ 37. Kd2 Rxc1 38. Rf7 1-0

[Event "ISL-chT1 1819"]
[Site "Reykjavik"]
[Date "2019.02.28"]
[Round "6.3"]
[White "Karlsson, Mikael Johann"]
[Black "Johannesson, Ingvar Thor"]
[Result "0-1"]
[WhiteElo "2147"]
[BlackElo "2335"]
[PlyCount "60"]
[EventDate "2018.11.08"]
[EventType "team-tourn"]
[EventRounds "9"]
[EventCountry "ISL"]
[SourceTitle "CBM 189 Extra"]
[Source "ChessBase"]
[SourceDate "2019.06.03"]
[SourceVersion "1"]
[SourceVersionDate "2019.06.03"]
[SourceQuality "1"]
[WhiteTeam "Skakfelag Akureyrar"]
[BlackTeam "Taflfelag Reykjavikur"]
[WhiteTeamCountry "ISL"]
[BlackTeamCountry "ISL"]

1. c4 c5 2. g3 g6 3. Bg2 Bg7 4. Nc3 Nc6 5. Nf3 d6 6. 0-0 Bf5 7. h3 Qd7 8. Kh2 e5 9. d3 h6 10. Rb1 Nge7 11. Nd5 Be6 12. Nxe7 Nxe7 13. b4 0-0 14. bxc5 dxc5 15. Nxe5 Bxe5 16. Rxb7 Qd6 17. Bxh6 Rfb8 18. f4 Bd4 19. Rxe7 Qxe7 20. g4 Bxg4 21. Bg5 f6 22. hxg4 fxg5 23. Be4 gxf4 24. Kg2 Qh4 25. Rxf4 Rf8 26. Bxa8 Rxf4 27. Bf3 Rxg4+ 28. Bxg4 Qxg4+ 29. Kh2 Be5+ 30. Kh1 Qh3+ 0-1

[Event "ISL-chT1 1819"]
[Site "Reykjavik"]
[Date "2018.11.08"]
[Round "1.1"]
[White "Birkisson, Bjorn Holm"]
[Black "Karlsson, Mikael Johann"]
[Result "1-0"]
[WhiteElo "2033"]
[BlackElo "2162"]
[PlyCount "85"]
[EventDate "2018.11.08"]
[EventType "team-tourn"]
[EventRounds "9"]
[EventCountry "ISL"]
[SourceTitle "CBM 187 Extra"]
[Source "ChessBase"]
[SourceDate "2018.11.04"]
[SourceVersion "1"]
[SourceVersionDate "2018.11.04"]
[SourceQuality "1"]
[WhiteTeam "Taflfelag Reykjavikur II"]
[BlackTeam "Skakfelag Akureyrar"]
[WhiteTeamCountry "ISL"]
[BlackTeamCountry "ISL"]

1. d4 Nf6 2. Bf4 b6 3. Nf3 Bb7 4. e3 d6 5. Nbd2 g6 6. Bd3 Bg7 7. 0-0 0-0 8. a4 c5 9. c3 Nc6 10. Qb1 Re8 11. Rd1 Qc7 12. Bc4 e5 13. dxe5 dxe5 14. Bg3 Qe7 15. Ng5 Rf8 16. Ndf3 Nh5 17. Nxf7 Rxf7 18. Bh4 Bf6 19. Bxf6 Nxf6 20. Ng5 Nd8 21. Rxd8+ Rxd8 22. Nxf7 Rd2 23. Qc1 Ne4 24. Ng5+ Kg7 25. Nxe4 Rd8 26. Ng3 h5 27. f3 h4 28. Ne4 h3 29. Qc2 Bxe4 30. fxe4 Qg5 31. Qf2 hxg2 32. Re1 Rf8 33. Qxg2 Qh4 34. Rf1 Rxf1+ 35. Kxf1 Qd8 36. Ke2 Qd7 37. b3 Qd8 38. Qg4 Qd6 39. Qe6 Qc7 40. Qg8+ Kh6 41. Qh8+ Kg5 42. Be6 Qd6 43. h4# 1-0

[Event "Reykjavik op"]
[Site "Reykjavik"]
[Date "2018.03.06"]
[Round "1"]
[White "Haria, Ravi"]
[Black "Karlsson, Mikael Johann"]
[Result "1-0"]
[WhiteElo "2424"]
[BlackElo "2150"]
[PlyCount "55"]
[EventDate "2018.03.06"]
[EventType "swiss"]
[EventRounds "9"]
[EventCountry "ISL"]
[SourceTitle "CBM 183 Extra"]
[Source "ChessBase"]
[SourceDate "2018.04.19"]
[SourceVersion "1"]
[SourceVersionDate "2018.04.19"]
[SourceQuality "1"]

1. e4 c5 2. Nf3 Nc6 3. Bb5 g6 4. Bxc6 dxc6 5. d3 Bg7 6. h3 e5 7. Be3 b6 8. a4 a5 9. Nbd2 f6 10. Nc4 Be6 11. Qc1 Qc7 12. 0-0 Rd8 13. Nfd2 Nh6 14. b4 axb4 15. a5 b5 16. Nb6 Nf7 17. Bxc5 Bf8 18. Nb3 Bxc5 19. Nxc5 Ke7 20. Qe3 Rd4 21. f4 Bc8 22. Nb3 Rdd8 23. Qc5+ Qd6 24. fxe5 Nxe5 25. a6 Nd7 26. Nxd7 Rxd7 27. Qf2 Bb7 28. Nc5 1-0

[Event "ISL-chT 1718"]
[Site "Reykjavik"]
[Date "2017.10.21"]
[Round "3.4"]
[White "Karlsson, Mikael Johann"]
[Black "Haria, Ravi"]
[Result "0-1"]
[WhiteElo "2153"]
[BlackElo "2360"]
[PlyCount "60"]
[EventDate "2017.10.19"]
[EventType "team-tourn"]
[EventRounds "9"]
[EventCountry "ISL"]
[SourceTitle "CBM 181 Extra"]
[Source "ChessBase"]
[SourceDate "2017.12.12"]
[SourceVersion "1"]
[SourceVersionDate "2017.12.12"]
[SourceQuality "1"]
[WhiteTeam "Akureyri II"]
[BlackTeam "Gardabaer"]
[WhiteTeamCountry "ISL"]
[BlackTeamCountry "ISL"]

1. c4 e6 2. g3 d5 3. Bg2 Nf6 4. Nf3 d4 5. d3 c5 6. 0-0 Nc6 7. Bf4 Bd6 8. Bxd6 Qxd6 9. Na3 0-0 10. Rb1 e5 11. Nc2 Re8 12. a3 a5 13. b4 axb4 14. axb4 cxb4 15. Rb2 h6 16. h3 Bf5 17. Qd2 e4 18. Nh4 Bh7 19. f4 Nh5 20. g4 Ng3 21. Rfb1 exd3 22. exd3 Re2 23. Qd1 Qxf4 24. Nf3 Rae8 25. Nce1 Qe3+ 26. Kh2 Qf2 27. Rxe2 Rxe2 28. Ra1 Bg6 29. Ng1 Ne5 30. Nxe2 Nxe2 0-1

[Event "ISL-chT 1617"]
[Site "Reykjavik"]
[Date "2017.03.02"]
[Round "6.3"]
[White "Karlsson, Mikael Johann"]
[Black "Teitsson, Magnus"]
[Result "0-1"]
[WhiteElo "2142"]
[BlackElo "2142"]
[PlyCount "118"]
[EventDate "2016.09.29"]
[EventType "team-tourn"]
[EventRounds "9"]
[EventCountry "ISL"]
[SourceTitle "EXT 2018"]
[Source "ChessBase"]
[SourceDate "2017.10.13"]
[SourceVersion "1"]
[SourceVersionDate "2017.10.13"]
[SourceQuality "1"]
[WhiteTeam "Akureyri"]
[BlackTeam "Huginn II"]
[WhiteTeamCountry "ISL"]
[BlackTeamCountry "ISL"]

1. c4 c6 2. g3 d5 3. Nf3 Nf6 4. Bg2 dxc4 5. a4 a5 6. Qc2 Qd5 7. Na3 Be6 8. 0-0 Nbd7 9. h4 Nb6 10. Ng5 Qd6 11. Rd1 Nfd5 12. Nxc4 Nxc4 13. Nxe6 Qxe6 14. Qxc4 g6 15. e4 Nf4 16. Qxe6 Nxe6 17. d4 Bg7 18. Be3 Nc7 19. Rac1 e6 20. Rc5 0-0 21. Bf4 Rfc8 22. Bh3 Na6 23. Rcc1 Rd8 24. Be3 Rd7 25. b3 Nb4 26. Rd2 Rad8 27. Rcd1 f5 28. f3 Kf7 29. Kf2 Bf6 30. Bf1 f4 31. gxf4 Bxh4+ 32. Ke2 Ke7 33. Bg2 h5 34. Rh1 Bf6 35. e5 Bg7 36. f5 exf5 37. Bg5+ Ke6 38. Bxd8 Rxd8 39. f4 Bh6 40. Ke3 Rd5 41. Bf3 c5 42. Bxd5+ Nxd5+ 43. Kf3 Bxf4 44. Rg2 g5 45. dxc5 g4+ 46. Kf2 Kxe5 47. Rxh5 Nf6 48. Rh8 Ne4+ 49. Ke2 Nxc5 50. Re8+ Kf6 51. Rf2 Bd6 52. Rd8 Ne4 53. Rf1 Ke7 54. Rxd6 Kxd6 55. Rd1+ Ke5 56. Rc1 f4 57. Rc7 f3+ 58. Kf1 g3 59. Rxb7 Nd2+ 0-1

[Event "ISL-chT 1617"]
[Site "Reykjavik"]
[Date "2016.09.29"]
[Round "1.1"]
[White "Gretarsson, Hjorvar Steinn"]
[Black "Karlsson, Mikael Johann"]
[Result "1-0"]
[WhiteElo "2547"]
[BlackElo "2142"]
[PlyCount "43"]
[EventDate "2016.09.29"]
[EventType "team-tourn"]
[EventRounds "9"]
[EventCountry "ISL"]
[SourceTitle "EXT 2018"]
[Source "ChessBase"]
[SourceDate "2017.10.13"]
[SourceVersion "1"]
[SourceVersionDate "2017.10.13"]
[SourceQuality "1"]
[WhiteTeam "Huginn"]
[BlackTeam "Akureyri"]
[WhiteTeamCountry "ISL"]
[BlackTeamCountry "ISL"]

1. d4 Nf6 2. c4 e6 3. Nf3 b6 4. a3 Bb7 5. Nc3 d6 6. d5 g6 7. e4 Nbd7 8. Bd3 Bg7 9. 0-0 0-0 10. h3 Nc5 11. Bc2 Ba6 12. Nd2 exd5 13. exd5 c6 14. dxc6 d5 15. b4 Nfe4 16. Ncxe4 Nxe4 17. Bxe4 Bxa1 18. Bxd5 Qc7 19. Ne4 Bg7 20. Qf3 Rad8 21. Bf4 Be5 22. Nf6+ 1-0

[Event "Reykjavik op"]
[Site "Reykjavik"]
[Date "2016.03.11"]
[Round "5"]
[White "Karlsson, Mikael Johann"]
[Black "Mai, Aron Thor"]
[Result "1-0"]
[WhiteElo "2164"]
[BlackElo "1784"]
[PlyCount "89"]
[EventDate "2016.03.08"]
[EventType "swiss"]
[EventRounds "10"]
[EventCountry "ISL"]
[SourceTitle "CBM 171 Extra"]
[Source "ChessBase"]
[SourceDate "2016.04.26"]
[SourceVersion "1"]
[SourceVersionDate "2016.04.26"]
[SourceQuality "1"]

1. c4 Nf6 2. g3 c5 3. Nc3 e6 4. Nf3 a6 5. Bg2 Qc7 6. 0-0 d6 7. b3 b6 8. Bb2 Bb7 9. Rc1 Be7 10. d3 0-0 11. e4 Nbd7 12. Qe2 Rfd8 13. d4 cxd4 14. Nxd4 Rac8 15. f4 Qb8 16. f5 e5 17. Nc2 Qa8 18. b4 b5 19. Ne3 bxc4 20. Nxc4 d5 21. Nxd5 Nxd5 22. exd5 Bxd5 23. a3 Bxg2 24. Qxg2 Qa7+ 25. Qf2 Qb8 26. Qe3 f6 27. Ba1 Nf8 28. Bxe5 fxe5 29. Nxe5 h6 30. Nc6 Rxc6 31. Rxc6 Bf6 32. Qe2 a5 33. b5 Qa7+ 34. Kh1 Qd4 35. b6 Re8 36. Qc4+ Qxc4 37. Rxc4 Rb8 38. Rb1 Nd7 39. b7 Kf7 40. Rc7 Ke8 41. Rd1 Nb6 42. Rd6 Bd8 43. Rxg7 Kf8 44. Rh7 Nc4 45. Rxd8+ 1-0

[Event "ISL-chT 1415"]
[Site "Reykjavik"]
[Date "2015.03.19"]
[Round "6.3"]
[White "Karlsson, Bjorn Ivar"]
[Black "Karlsson, Mikael Johann"]
[Result "0-1"]
[WhiteElo "2268"]
[BlackElo "2056"]
[PlyCount "100"]
[EventDate "2014.10.02"]
[EventType "team-tourn"]
[EventRounds "9"]
[EventCountry "ISL"]
[SourceTitle "EXT 2016"]
[Source "ChessBase"]
[SourceDate "2015.10.08"]
[SourceVersion "1"]
[SourceVersionDate "2015.10.08"]
[SourceQuality "1"]
[WhiteTeam "Vestmannaeyja"]
[BlackTeam "Akureyri"]
[WhiteTeamCountry "ISL"]
[BlackTeamCountry "ISL"]

1. e4 c5 2. Nf3 e6 3. c3 Nf6 4. e5 Nd5 5. d4 cxd4 6. cxd4 Nc6 7. Bc4 Nb6 8. Bb3 d6 9. exd6 Bxd6 10. Nc3 Nb4 11. 0-0 0-0 12. Qe2 Be7 13. Ne4 Bd7 14. a3 N4d5 15. Rd1 Ba4 16. Bxa4 Nxa4 17. Qc2 b5 18. Bd2 Rc8 19. Qb3 a6 20. Rac1 Qd7 21. Ne5 Qb7 22. Nd3 Nf4 23. Nxf4 Qxe4 24. d5 e5 25. Nh5 Nb6 26. Qg3 Qg6 27. Qxe5 Bd6 28. Qg5 Nc4 29. Ng3 Nxb2 30. Re1 Bxa3 31. Qxg6 hxg6 32. Rc6 Rxc6 33. dxc6 Rc8 34. h4 f6 35. Ne2 Rxc6 36. Nf4 Kf7 37. g4 Nc4 38. Bc3 Bd6 39. Nd5 Be5 40. f4 Bxc3 41. Nxc3 Ne5 42. fxe5 Rxc3 43. exf6 gxf6 44. Kg2 b4 45. h5 gxh5 46. gxh5 Rc5 47. h6 Kg6 48. Re6 a5 49. h7 Kxh7 50. Rxf6 Rb5 0-1